East Africa (Record no. 40649)

MARC details
000 -LEADER
fixed length control field 00681nam a2200169 a 4500
008 - FIXED-LENGTH DATA ELEMENTS--GENERAL INFORMATION
fixed length control field 060420s2005 ||||||||||||||||| || u
050 ## - LIBRARY OF CONGRESS CALL NUMBER
Classification number CODESRIA(02)2005/2
100 ## - MAIN ENTRY--PERSONAL NAME
Personal name Yieke, Felicia Arudo
245 10 - TITLE STATEMENT
Title East Africa
Statement of responsibility, etc. edited by Felicia Arudo Yieke
246 ## - VARYING FORM OF TITLE
Title proper/short title in search of national and regional renewal
260 ## - PUBLICATION, DISTRIBUTION, ETC.
Place of publication, distribution, etc. Dakar
Name of publisher, distributor, etc. CODESRIA
Date of publication, distribution, etc. 2005
350 ## - PRICE (NR) (BK AM CF MU VM SE) [OBSOLETE]
Price 0.00
650 ## - SUBJECT ADDED ENTRY--TOPICAL TERM
Topical term or geographic name entry element TEXTBOOKS
650 ## - SUBJECT ADDED ENTRY--TOPICAL TERM
Topical term or geographic name entry element POLITICS
710 ## - ADDED ENTRY--CORPORATE NAME
Corporate name or jurisdiction name as entry element Council for the Development of Social Science Research in Africa (CODESRIA)
995 ## - RECOMMENDATION 995 [LOCAL, UNIMARC FRANCE]
-- 0.00
-- CBU-MAIN LIBRARY (Kitwe)
-- 1
-- 0.00
-- AVAILABLE
-- Apr 20, 2006
-- International Publications
Holdings
Withdrawn status Lost status Source of classification or shelving scheme Damaged status Not for loan Home library Current library Shelving location Date acquired Total Checkouts Full call number Barcode Date last seen Price effective from Koha item type
          CBU-MAIN LIBRARY, KITWE. CBU-MAIN LIBRARY, KITWE.   11/30/2022   CODESRIA(02)2005/2 Z03000112 11/30/2022 11/30/2022 MONOGRAPH